| 000 | 00373nam a2200145 a 4500 | ||
|---|---|---|---|
| 001 | 1755 | ||
| 003 | CDMR | ||
| 005 | 20130304173002.0 | ||
| 008 | 130130s2007||||||||||||||||||||||||||||d | ||
| 040 |
_aCDMR _bcat _cCPC GIRONA |
||
| 110 | 2 |
_93016 _aComisiones Obreras |
|
| 245 | 1 | 0 |
_aJornada de Mitjans de comunicació CCOO 12 de juny _cCCOO |
| 260 |
_c2007 _bCCOO |
||
| 942 |
_cMON _2ddc |
||
| 999 |
_c1755 _d1755 |
||